000 04663nam a2200493 a 4500
001 dia_4714
003 CHAP
005 20240926130712.0
007 ta
008 220117s2011 mx abe frm 001 0 spa d
010 _a175443
040 _amxchpua
_cCHAP
041 0 _aspa
_beng
090 _aTesis
_bC678
_c2011
100 1 _aCortés Zavala, Luis Miguel
240 1 0 _aProject for the installation of a vegetable packing (tomatoe (Lycopersicon esculentum Mill), SQUASH (Cucurbita pepo L) and CUCUMBER (Cucumis sativus L)) in Tepalcingo, Morelos.
_lEspañol
245 1 0 _aProyecto para la instalación de una empacadora de hortalizas (Jitomate Lycopersicon esculentum Mill, Calabacita Cucúrbita pepo L y pepino Cucumis sativus L) en Tepalcingo, Morelos /
_cLuis Miguel Cortés Zavala
264 _aChapingo, México :
_bEl autor,
_c2011
300 _axiii, 90 hojas :
_bilustraciones, tablas, mapas, planos +
_e1 CD-ROM
336 _2rdacontent
_atexto
_btxt
337 _2rdamedia
_ano mediado
_bn
338 _2rdacarrier
_avolumen
_bnc
502 _aFormulación o Evaluación de Proyectos
_b(Ingeniero Agroindustrial) --
_cUACh. Departamento de Ingeniería Agroindustrial,
_d2011
504 _aBibliografía: hojas 88-90
505 0 0 _a3 planos : -- 1. Plano de distribución de áreas y equipo (Esc. 1:10) -- 2. Diagrama de recorrido -- 3. Diagrama de flujo del proceso de producción
520 3 _aEste trabajo tiene la finalidad de realizar un estudio técnico económico, para determinar la factibilidad, rentabilidad y el nivel de riesgo de la instalación de una empacadora de hortalizas en Tepalcingo, Morelos. Se desarrolló un estudio de mercado, un estudio mercadológico y de abasto de la materia prima. El diseño del proceso de producción en planta y la selección de maquinaria y equipo representaron una inversión inicial de $ 5025.25 miles. Considerando el diagnóstico de la organización, se acordó el establecimiento de una pequeña empresa con capacidad de 1566 ton anuales. El análisis financiero con un horizonte a ocho años determinó que el establecimiento de la empresa es viable, mostrando una Tasa Interna de Retorno (TIR) de 93.58%, un Valor Actual Neto (VAN) de $ 2609.05 miles, y una relación B/C de 2.19. Se hizo el análisis de sensibilidad en el cual se detectó que el proyecto es sensible a un incremento en 15% en costos y al decremento en 15% en ingresos ya que a partir del año 4 se presentan cifras negativas en la utilidad neta de la empresa por lo que se debe cuidar que esto no suceda. Finalmente se concluyó que la instalación y puesta en marcha de este proyecto es técnica, económica, social y ambientalmente factible.
520 3 _aThis work is intended to perform a technical and economic study to determine the feasibility, profitability and risk level of the installation of a vegetable packing in Tepalcingo, Morelos. We developed a market survey, a study marketing muscle and raw material supply. The design of the factory production process and the selection of machinery and equipment accounted for an initial investment of $ 5025.25 miles. Whereas the diagnosis of the organization, agreed to establish a small business with a capacity of 1566 tons per year. The financial analysis with an eight-year horizon determined that the establishment of the company is viable, showing an Internal Rate of Return (IRR) of 93.58%, a Net Present Value (NPV) of $ 2609.05 thousands, and a ratio B / C of 2.19. It was the sensitivity analysis in which it was found that the project is sensitive to a 15% increase in costs and 15% decrease in revenue since starting in year 4 are negative numbers in the company's net income so be careful that this does not happen. Finally it was concluded that the installation and commissioning of this project is technically, economically, socially and environmentally feasible.
650 1 3 _aEnvasado de alimentos
_2atg
650 1 3 _aIndustria de los alimentos
_2atg
650 1 3 _aLegumbres
_2atg
_xEmpacado
650 1 3 _aPlantas empacadoras
_2atg
_zMéxico
_zMorelos
650 1 3 _aFood industry
_2atg
650 1 3 _aFood packaging
_2atg
650 1 3 _aLegumes
_xPacking
_2atg
650 1 3 _aPacking houses
_2atg
_zMexico
_zMorelos
700 1 _aSzymanski Duque, Rosa Guadalupe
_edirectora
700 1 _aPonce Hernández, Pedro
_easesor
700 1 _aSuárez Espinosa, Carlos
_easesor
856 4 1 _uhttp://10.13.5.2/tesis/113377.pdf
_yDESCARGAR PDF
901 _aTesis C678 2011
902 _aM
905 _a5232272011 mx ainl8223223322spa26
942 _cTESIS
_2Clasificación Universidad Autónoma Chapingo
999 _c175443
_d175443